Financial management / (Record no. 19872)

MARC details
000 -LEADER
fixed length control field 00957nam a22002538a 4500
005 - DATE AND TIME OF LATEST TRANSACTION
control field 20081028142030.0
008 - FIXED-LENGTH DATA ELEMENTS--GENERAL INFORMATION
fixed length control field 081015s2008 cau b 001 0 eng
010 ## - LCCN (DPL NO)
LC control number ENG-92206
020 ## - INTERNATIONAL STANDARD BOOK NUMBER
International Standard Book Number 9788182091863
Terms of availability 350.00
020 ## - INTERNATIONAL STANDARD BOOK NUMBER
International Standard Book Number 8182091861
Terms of availability 350.00
035 ## - SYSTEM CONTROL NUMBER
System control number EN-75739
037 ## - SOURCE OF ACQUISITION
Source of stock number/acquisition DBAD / PUB
040 ## - CATALOGING SOURCE
Original cataloging agency dpl
Language of cataloging English
082 ## - DEWEY DECIMAL CLASSIFICATION NUMBER
Classification number 658.15
100 ## - MAIN ENTRY--PERSONAL NAME
Personal name Periasamy, P.
245 ## - TITLE STATEMENT
Title Financial management /
Statement of responsibility, etc by P. Periasamy
260 ## - PUBLICATION, DISTRIBUTION, ETC. (IMPRINT)
Place of publication, distribution, etc Chennai
Name of publisher, distributor, etc Vijay Nicole Imprints
Date of publication, distribution, etc 2008
300 ## - PHYSICAL DESCRIPTION
Extent Various pagings
Dimensions 24cm (pbk)
500 ## - GENERAL NOTE
General note Includes bibliographical references and index.
650 ## - SUBJECT ADDED ENTRY--TOPICAL TERM
Topical term or geographic name as entry element Financial management
942 ## - ADDED ENTRY ELEMENTS (KOHA)
Source of classification or shelving scheme Dewey Decimal Classification
Item type English Books
Call number suffix PER
Classification part 658.15
Holdings
Withdrawn status Lost status Source of classification or shelving scheme Damaged status Not for loan Collection code Home library Current library Date acquired Source of acquisition Cost, normal purchase price Total Checkouts Full call number Barcode Date last seen Copy number Cost, replacement price Koha item type
    Dewey Decimal Classification   Not For Loan Non-fiction D.B.Act.Division Bawana 15/12/2008 DBAD / PUB 350.00   658.15PER EN-75739 15/12/2008 1 350.00 English Books

© Delhi Public Library
Hit Counter
free hit counter